Debut ako prekážka

Podrobná bibliografia
Hlavný autor: Špaček, Jozef, 1950- (Autor)
Médium: Článok
Jazyk:slovenčina
Predmet:

MARC

LEADER 00000nab a2200000 a 4500
001 vtls000039068
003 SK-MaSNL
005 20260303023520.0
008 111103c1979 xo 0 slo
015 |a SNBRB19rr/mm-uuuuu 
035 |a CL0049163 
040 |a SNKBUCL  |b slo  |c SNKBUCL  |e AACR2 
041 0 |a slo 
044 |a xo  |c SK 
080 |a 82.09:885.4-3(048)  |2 1981 
080 |a 885.4-3(048)  |2 1981 
100 1 |a Špaček, Jozef,  |d 1950-  |4 aut  |9 103380 
245 1 0 |a Debut ako prekážka  |c Jozef Špaček 
600 1 7 |a Petraško, Ľudovít,  |d 1949-  |2 snkbucl  |9 89986 
650 0 7 |a slovenské novely  |2 snkbucl  |9 383297 
655 7 |a recenzie  |2 snkbucl  |9 21907 
655 7 |a články z odboru literárna veda a krásna literatúra  |2 snkbucl  |9 770045 
655 7 |a články z novín a časopisov  |2 snkbucl  |9 267496 
773 0 |t Smena  |g Roč. 32, č. 185 (8. 8. 1979), s. 6 
787 0 8 |i Rec.:  |a Petraško, Ľudovít  |t V tomto meste, v tejto chvíli  |d Bratislava : Smena, 1979 
850 |a Slovenská národná knižnica v Martine  |a MTA001 
852 |a SNK  |b KIS3GCP 
958 |a RK 
958 |a LX 
992 |a RBX 
999 |c 1634945  |d 1636875